| 000 | 00918nam a2200241 a 4500 | ||
|---|---|---|---|
| 001 | 40090 | ||
| 003 | BD-RjUL | ||
| 005 | 20211209053131.0 | ||
| 008 | 160421s1993 ii ||||| |||| 00| 0 ben d | ||
| 020 |
_a8170794250 (V-1) _c: IRs.65.00 |
||
| 035 | _a(BD-RjUL)40205 | ||
| 040 |
_aBD-RjUL _bben _cBD-RjUL |
||
| 041 | _aben | ||
| 082 |
_223 _a294.5 _bMUK 1993 |
||
| 100 |
_aমুকুন্দের, কবিকঙ্কণ _9123453 |
||
| 245 | 1 | 0 |
_a কবিকঙ্কণ - চন্ডী / _c কবিকঙ্কণ মুকুন্দের, সম্পাদনা : ক্ষুদিরাম দাস |
| 260 |
_aকলকাতা : _bদে জ পাবলিশিং, _c১৯৯৩ |
||
| 300 |
_a৩১৫ পৃ. ; _c২১ সেমি. |
||
| 650 |
_aহিন্দু _9123454 |
||
| 650 |
_aHindusim _9123455 |
||
| 700 |
_aদাস, ক্ষুদিরাম _9123456 |
||
| 942 |
_2ddc _cBK |
||
| 999 |
_c40090 _d40090 |
||